00726nam a2200205 a 45000010005000000030009000050050017000140080041000310200015000720400033000870820016001201000018001362450071001542500018002252600059002433000039003024900029003415050137003706500013005073302BD-DhUAP20201228112110.0201108s1999 ii a 000 0 eng d a812190465X aDLCcBD-DhUAPdBD-DhUAPbEng04a530 ARO2231 aArora, C. L. 10aRefresher course in Physics :bfor B. Sc. students /cC. L. Arora. a19th rev. ed. aNew Delhi :bS. Chand & Com.,cc2010 [Reprinted 2011]. avolumes :billustrations ;c24 cm. aRefresher course series. aV. 1- Mechanics and properties of matter, Heat and thermodynamics (including Statistical thermodynamics), Electricity and magnetism. 0aPhysics.